000 00646nam a2200277Ia 4500
005 20260324142725.0
008 008 260324s9999 xx 000 0 eng d
020 _a9781315074023
037 _aEBOOK
040 _aCRL
040 _beng
040 _cCRL
041 _2eng
041 _aeng
084 _qCRL
100 _aHarris M. Lentz
_91213008
245 0 _aHeads of States and Governments Since 1945
260 _bTaylor and Francis
260 _c1994
365 _a
365 _b340
856 _uhttp://www.taylorfrancis.com/books/9781315074023
942 _cEBOOK
999 _c1817523
_d1817523